000 01203nam0a2200325 4500
001 RU\NLR\bibl\1394385
005 20250615202115.0
010 _a978-5-9950-0038-9
_91000
035 _a(NLR Aleph) 001386412
090 _a1134389
_c1134389
100 _a20090722d2009 |||y0rusy50 ca
101 0 _arus
102 _aRU
105 _ay |||||||||
200 1 _aКрасный август России
_fБ.Г. Белоголовый
205 _a[2-е изд., испр. и доп.]
210 _aМосква
_cКучково поле
_d2009
215 _a285, [2] с.
_d21
320 _aБиблиогр. в подстроч. примеч.
600 1 _aСталин
_bИ. В.
_f1879 - 1953
_gИосиф Виссарионович
_91004150
_3RU\NLR\auth\6663550
606 1 _aВеликая Октябрьская социалистическая революция
_z1917
_9912483
_3RU\NLR\auth\6613825
686 _aТ3(2)711.2
686 _aТ3(2)7-8
700 1 _aБелоголовый
_bБ. Г.
_gБорис Георгиевич
_4070
801 0 _aRU
_bNLR
_c20090722
_gRCR
801 1 _aRU
_bNLR
_c20090722
830 _aавт. по кн.
942 _cBOOK
980 _aNB